00936 a2200169 45000010006000000050017000060080041000230030015000640400040000790800052001192450041001712640049002123000019002615050461002800410008007411000017007492238820260407155515.0260407a1969 arg spa dAR-UNSa-BCEJYS aAR-UNSa-BCEJYSbspacAR-UNSa-BCEJYS a336.2xIngresos públicos (Derecho tributario)10aCurso superior de derecho tributario 1aBuenos Aires :bLiceo Profesional Cimac1969 a500 p.c25 cm. a1. Nociones preliminares - 2. El poder fiscal: distribución de facultades impositivas. Derecho tributario interestadual - 3. Límites constitucionales al ejercicio del poder fiscal - 4. Relación jurídica tributaria - 5. Nacimiento y extinción de la obligación tributaria - 6. Naturaleza e interpretación de las normas tributarias sustantivas - 7. Derecho tributario penal - 8. Derecho tributario administrativo - 9. Derecho tributario procesal aspa1 aJarach, Dino